000 00897nam a22002537a 4500
005 20170123162349.0
010 _aB-209306
020 _c200.00
035 _aB-209306
037 _bCen Lib/Ret
040 _aDPL
_bUR
082 _a840.8
_bس ل ی
100 _aسلیمان اطہر جاوید
_9788
245 _aادب کا بدلتا مزاج /
_cسلیمان اطہر جاوید
246 _aAdab ka badalta mizaj /
_bby Sulaiman Ather Javeed
260 _aنیی دہلی
_bموڈرن پبلشنگ ہاؤس
_c2006
270 _bنیی دہلی
_a٩، گولہ مارکیٹ دریاگنج
_e110002
300 _a176p.
_c21cm(Hb)
650 _aادب -- اردو
_9135383
650 _aاردو تنقیدی مضامین
_9114356
650 _aLiterature -- Urdu
_9135384
650 _aUrdu critical articles
_9114358
942 _2ddc
_cUR
_h840.8
_mس ل ی
999 _c109095
_d109095